Metodología de la investigación para administración y economía
Guardat en:
| Autor principal: | |
|---|---|
| Format: | Llibre |
| Idioma: | espanyol |
| Publicat: |
Bogotá
Pearson Educación de Colombia
2000
|
| Matèries: | |
| Etiquetes: |
Afegir etiqueta
Sense etiquetes, Sigues el primer a etiquetar aquest registre!
|
MARC
| LEADER | 00000nam a2200000 a 4500 | ||
|---|---|---|---|
| 001 | UCL6545 | ||
| 003 | CL-VaPUC | ||
| 008 | 040416e20000000CK |||||||||||||||||spa|d | ||
| 020 | |a 9586990028 | ||
| 082 | 0 | 4 | |a 658.0072 |b BER |2 21 |
| 100 | 0 | |a Bernal Torres, César Augusto |e author |9 484150 | |
| 245 | 1 | 0 | |a Metodología de la investigación para administración y economía |
| 300 | |a 262 p | ||
| 942 | |c BK | ||
| 945 | |d 20040416 00:00:00 |a cmena | ||
| 260 | |a Bogotá |b Pearson Educación de Colombia |c 2000 | ||
| 650 | 0 | |a Administración de empresas |9 260833 | |
| 650 | 0 | |a Métodos de investigación |9 262618 | |
| 650 | 0 | |a Investigación científica |9 259857 | |
| 650 | 0 | |a Estadística matemática |9 260028 | |
| 583 | |a last modification |c 20040416 00:00:00 |k Rodrigo Vera | ||
| 999 | |c 308548 |d 308546 | ||
| 952 | |0 0 |1 0 |4 0 |6 658_007200000000000_BER_2000 |7 0 |8 A |9 375156 |a BIBENE |b BIBENE |d 2019-11-21 |i 3911853 |o 658.0072 BER 2000 |p 3911853 |r 2025-01-15 |w 2019-11-21 |y BK |k ICO | ||